000 00442nam a22001697a 4500
005 20230128120551.0
008 230125b |||||||| |||| 00| 0 eng d
020 _a818725348-7
041 _aeng
082 _a632 UPA-P
100 _aUPADHYAY , K.D. AND DWIVEDI ,KUSUM
_97488
245 _aTEXT BOOK OF PLANT NEMATOLOGY
260 _aMEERUT
_bAMAN PUBLICATION HOUSE
300 _a191;P.
650 _aAGRICULTURE
_92837
942 _cBK
999 _c8202
_d8200